Datum a čas kvízu

25 Celkem bodů Celkový počet nahraných bodů na tomto kvízu bez doplňovacích otázek.
7. Pořadí na kvízu Konečné umístění týmu na tomto kvízu.

Zaznamenané odpovědi

# Otázka Odpověď Body Výsledky
1. Jedinou ženou zvolenou v pátek... Žídková 1
2. Ve středu lehla popelem zbrusu... v Německu 1
3. Minulý týden měla premiéru fil... Výjimečný stav, Jan Hřebejk 1
4. Ve které evropské metropoli se... v Paříži 1
5. Minulý týden proběhla ve španě... enduro / (terénní) motocykly 0
6. Tentokrát se v gastronomickém... konvektomat 1
7. Napište dvě slova pocházející... sous-vide 1
8. Nyní se podíváme na symboly, k... č. 5 1
9. Napište značku nádobí, kterou... Remoska 1
10. Tento nástroj je používán při... ústřice 1